00381cam a2200157ua 45000010005000000080039000050400009000440820014000531000018000672450050000852500009001352600029001443000016001736530013001896530021002022423110816n ii |||gr||||Z||||||asm cMAIN a398.09145 aSharma, Atul,1 aAsamiya sahitya aru sanskriticby Atul Sharma a1st. aGuahati:bAshis Prakash. a87p:c23cm. aFolklore aAssamese culture